000 01340cam a2200289 a 4500
001 226063
003 ARRUPE
005 20160427150316.0
008 990401s1982 gw k 100 0 ger
010 _a 99191793
040 _aDLC
_cDLC
_dDLC
043 _af------
050 0 0 _aKQC788
_b.C66 1982
245 0 0 _aCooperative law in East, Central and Southern African countries :
_ba comparative approach : report [of] seminar [from] 6 to 17 October 1980 [in] Berlin (West) /
_cedited by H.-H. Münkner and G. Ullrich.
260 _aFeldafing, Germany :
_bGerman Foundation for International Development, Food and Agriculture Development Centre,
_c1982.
300 _aiii, 372 p. :
_bforms ;
_c21 cm.
500 _a"DOK 1070 A/a"--P. [4] of cover.
500 _a"S 79-86-80"--P. [4] of cover.
650 0 _aAgriculture, Cooperative
_xLaw and legislation
_zAfrica
_vCongresses.
_923913
650 0 _aAgriculture, Cooperative
_zAfrica
_vCongresses.
_923914
700 1 _aMünkner, Hans-H.
_923915
_eed.
700 1 _aUllrich, Gabriele.
_923916
_eed.
710 2 _aDeutsche Stiftung für Internationale Entwicklung.
_bZentralstelle für Ernährung und Landwirtschaft.
_923917
906 _a7
_bcbc
_corignew
_d3
_encip
_f19
_gy-gencatlg
942 _2lcc
_cMONOGRAPH
999 _c124641
_d124641